[Event "Online Olym Div3 A 2020"]
[Site "chess.com INT"]
[Date "2020.07.08"]
[Round "6.3"]
[Board "4"]
[White "Shabanaj, Alda"]
[Black "Liu, Yang Hazel"]
[Result "1-0"]
[WhiteTitle "WFM"]
[BlackTitle "WFM"]
[WhiteElo "1841"]
[BlackElo "2046"]
[WhiteTeam "Albania"]
[BlackTeam "Singapore"]
[WhiteFideId "4700597"]
[BlackFideId "5800919"]
[EventDate "2020.07.07"]
[EventType "team"]

1. d4 Nf6 2. c4 g6 3. Nc3 Bg7 4. e4 d6 5. f4 O-O 6. Nf3 c5 7. d5 e6 8. Bd3 exd5
9. cxd5 Re8 10. O-O c4 11. Bc2 Bg4 12. h3 Bxf3 13. Qxf3 Nbd7 14. Bd2 b5 15. Rae1
b4 16. Nd1 a5 17. g4 Nc5 18. g5 Nfd7 19. h4 h5 20. gxh6 Bd4+ 21. Kg2 Qxh4 22.
Rh1 Qf6 23. Ne3 Bxb2 24. Nxc4 Bd4 25. Qg4 Kh7 26. Rh3 Ra7 27. Rg3 Nf8 28. f5
Ncd7 29. Bg5 Qh8 30. Nxd6 Ne5 31. fxg6+ fxg6 32. Qf4 Rea8 33. Bf6 Qg8 34. Bxe5
Bxe5 35. Qxe5 a4 36. Rf1 1-0

[Event "Online Olym Div3 A 2020"]
[Site "chess.com INT"]
[Date "2020.07.08"]
[Round "6.3"]
[Board "5"]
[White "Lee, Qing Aun"]
[Black "Veleshnja, Zino"]
[Result "1/2-1/2"]
[WhiteTitle "FM"]
[WhiteElo "2262"]
[BlackElo "2287"]
[WhiteTeam "Singapore"]
[BlackTeam "Albania"]
[WhiteFideId "5804167"]
[BlackFideId "4701313"]
[EventDate "2020.07.07"]
[EventType "team"]

1. e4 c5 2. Nf3 d6 3. d4 cxd4 4. Nxd4 Nf6 5. Nc3 a6 6. Bg5 e6 7. f4 h6 8. Bh4
Qb6 9. Qd2 Qxb2 10. Rb1 Qa3 11. f5 Be7 12. fxe6 fxe6 13. Bc4 Nxe4 14. Nxe4 Bxh4+
15. g3 Bg5 16. Nxg5 hxg5 17. O-O Nc6 18. Nxe6 Bxe6 19. Bxe6 Qc5+ 20. Kh1 b5 21.
Rb3 Ne5 22. Rc3 Qb6 23. Bd5 Rb8 24. Re1 Rh6 25. Qxg5 Qd4 26. Rd3 Rxh2+ 27. Kxh2
Qf2+ 28. Bg2 Qxe1 29. Rxd6 Nf7 30. Bc6+ Kf8 31. Qf4 Qe2+ 32. Bg2 Qh5+ 33. Kg1
Qc5+ 34. Rd4 Rd8 35. c3 Rxd4 36. cxd4 Qd6 37. Qe3 b4 38. d5 1/2-1/2

[Event "Online Olym Div3 A 2020"]
[Site "chess.com INT"]
[Date "2020.07.08"]
[Round "6.3"]
[Board "6"]
[White "Shuqja, Klean"]
[Black "Mak, Xiu Ning Charlene"]
[Result "1/2-1/2"]
[WhiteTitle "WCM"]
[WhiteElo "1838"]
[BlackElo "1667"]
[WhiteTeam "Albania"]
[BlackTeam "Singapore"]
[WhiteFideId "4701585"]
[BlackFideId "5820332"]
[EventDate "2020.07.07"]
[EventType "team"]

1. b3 Nf6 2. Bb2 g6 3. Bxf6 exf6 4. c4 Bg7 5. Nc3 d6 6. Nf3 c6 7. e3 Bf5 8. d4
O-O 9. Bd3 Bxd3 10. Qxd3 Nd7 11. O-O f5 12. Rfe1 Re8 13. Rac1 Nf6 14. Nd2 d5 15.
cxd5 cxd5 16. Nb5 Re7 17. Rc2 a6 18. Nc3 Rc8 19. Rec1 Rec7 20. Na4 Bf8 21. Nc5
Bxc5 22. dxc5 Qe7 23. b4 Rd8 24. Qd4 Rc6 25. a4 Ne4 26. b5 axb5 27. axb5 Rc7 28.
c6 bxc6 29. b6 Rb7 30. Rxc6 Nxd2 31. Qxd2 Qe5 32. Qb4 Qe7 33. Qd4 Qe4 34. Rc8
Qe8 35. R8c7 Rdb8 36. R7c6 Qd8 37. Rb1 Qd7 38. Qc5 Qd8 39. Rd6 Qc8 40. Qxd5 Rxb6
41. Rbxb6 Qc1+ 42. Qd1 Qxd1+ 43. Rxd1 Rxb6 44. g3 Kg7 45. h4 Rb4 1/2-1/2

[Event "Online Olym Div3 A 2020"]
[Site "chess.com INT"]
[Date "2020.07.08"]
[Round "6.4"]
[Board "1"]
[White "Delaney, Killian"]
[Black "Wong, Yinn Long"]
[Result "1/2-1/2"]
[WhiteTitle "FM"]
[BlackTitle "FM"]
[WhiteElo "2314"]
[BlackElo "2381"]
[WhiteTeam "Ireland"]
[BlackTeam "Malaysia"]
[WhiteFideId "2501570"]
[BlackFideId "5707684"]
[EventDate "2020.07.07"]
[EventType "team"]

1. e4 c5 2. c3 g6 3. d4 cxd4 4. cxd4 d5 5. exd5 Nf6 6. Nc3 Nxd5 7. Bc4 Nb6 8.
Bb3 Bg7 9. Nf3 O-O 10. O-O Bg4 11. d5 N8d7 12. h3 Bxf3 13. Qxf3 Rc8 14. d6 exd6
15. Qxb7 Nc5 16. Qf3 Nbd7 17. Rd1 Nxb3 18. axb3 Re8 19. Rxa7 Ne5 20. Qd5 Qb6 21.
Be3 Qc6 22. Qxd6 Qxd6 23. Rxd6 Rb8 24. Nd5 Rxb3 25. Nf6+ Bxf6 26. Rxf6 Rd3 27.
Bh6 Nd7 28. Rc6 Rd1+ 29. Kh2 Rd5 30. b4 f6 31. Be3 Kf7 32. Rcc7 Ke6 33. b5 Rb8
34. b6 g5 35. Rcb7 Rxb7 36. Rxb7 Rb5 37. Ra7 Kd6 38. g4 Nxb6 39. Rxh7 Nd5 40.
Kg3 Ke5 41. Kf3 Rb3 42. h4 gxh4 43. Rxh4 Ke6 44. Rh8 Kf7 45. Rd8 Nxe3 46. fxe3
Rb4 47. Rd4 Rb5 48. Kf4 Kg6 49. Rd6 Re5 50. e4 Ra5 51. Rd5 Ra1 52. Rd6 Rf1+ 53.
Kg3 Re1 54. Kf3 Kg5 55. Rd5+ Kg6 56. Rf5 Rf1+ 57. Kg3 Rg1+ 58. Kf3 Rf1+ 59. Ke3
Re1+ 60. Kd4 Rg1 61. Rf4 Kg5 62. Rf5+ Kg6 63. Rf4 Kg5 64. Rf5+ Kg6 1/2-1/2

[Event "Online Olym Div3 A 2020"]
[Site "chess.com INT"]
[Date "2020.07.08"]
[Round "6.4"]
[Board "2"]
[White "Subramaniam, Sumant"]
[Black "Jessel, Stephen"]
[Result "1-0"]
[WhiteTitle "FM"]
[BlackTitle "FM"]
[WhiteElo "2155"]
[BlackElo "2297"]
[WhiteTeam "Malaysia"]
[BlackTeam "Ireland"]
[WhiteFideId "5702720"]
[BlackFideId "628859"]
[EventDate "2020.07.07"]
[EventType "team"]

1. Nf3 d5 2. g3 Nc6 3. c4 d4 4. Bg2 e5 5. d3 Bb4+ 6. Nfd2 a5 7. O-O Nf6 8. Ne4
Nd7 9. f4 exf4 10. Bxf4 O-O 11. Na3 Nce5 12. Nb5 c6 13. Nxd4 Qb6 14. e3 Ng6 15.
Qh5 Be7 16. Nf5 Re8 17. Bh6 Bf8 18. Bxg7 Bxg7 19. Nxg7 Qxe3+ 20. Kh1 Rxe4 21.
Nf5 Re5 22. Nh6+ Kf8 23. Rxf7+ Ke8 24. Rf5 Re7 25. Ng8 Re5 26. Rxe5+ Qxe5 27.
Qxh7 Ndf8 28. Qh6 Be6 29. Qd2 Kd8 30. Re1 Qc5 31. Nf6 Kc7 32. a3 Rd8 33. Be4 Bc8
34. Qh6 Qd4 35. Qg7+ Rd7 36. Ne8+ Kb8 37. Qg8 Rd8 38. Bxg6 Nxg6 39. Qxg6 Qxd3
40. Qxd3 Rxd3 41. Nf6 Bh3 42. Ne4 a4 43. Kg1 Rf3 44. Nf2 Bd7 45. Kg2 Rb3 46. Re2
Kc7 47. h4 Kd6 48. h5 Bf5 49. g4 Bb1 50. g5 b5 51. c5+ Kxc5 52. g6 b4 53. Re1
Bf5 54. Re5+ Kd6 55. Rxf5 Rxb2 56. g7 Ke6 57. Rf3 1-0

[Event "Online Olym Div3 A 2020"]
[Site "chess.com INT"]
[Date "2020.07.08"]
[Round "6.4"]
[Board "3"]
[White "Kanyamarala, Trisha"]
[Black "Azhar, Puteri Munajjah Az-Zahraa"]
[Result "0-1"]
[WhiteTitle "WIM"]
[BlackTitle "WIM"]
[WhiteElo "2193"]
[BlackElo "2046"]
[WhiteTeam "Ireland"]
[BlackTeam "Malaysia"]
[WhiteFideId "45004722"]
[BlackFideId "5709040"]
[EventDate "2020.07.07"]
[EventType "team"]

1. c4 Nf6 2. Nc3 d6 3. g3 g6 4. Bg2 Bg7 5. Nf3 O-O 6. O-O e5 7. d3 Nc6 8. Rb1 a5
9. a3 h6 10. b4 axb4 11. axb4 Kh7 12. b5 Ne7 13. Ne1 Nd7 14. Nc2 f5 15. e3 Nb6
16. Qe2 Ra7 17. Bd2 c6 18. bxc6 bxc6 19. Nb4 Qc7 20. Ra1 Bd7 21. d4 e4 22. f3 d5
23. cxd5 cxd5 24. Nb5 Bxb5 25. Qxb5 Nc4 26. Rxa7 Qxa7 27. Rd1 Rb8 28. Qa6 Bxd4
29. exd4 Qxd4+ 30. Kh1 Rxb4 31. Qe6 Rb7 32. Qf7+ Qg7 33. Qxg7+ Kxg7 34. Bc3+ Kf7
35. fxe4 dxe4 36. Bd4 Rd7 37. Kg1 Nc6 38. Bf1 Ne3 39. Re1 Nxf1 0-1

[Event "Online Olym Div3 A 2020"]
[Site "chess.com INT"]
[Date "2020.07.08"]
[Round "6.4"]
[Board "4"]
[White "Nithyalakshmi, Sivanesan"]
[Black "Putar, Lara"]
[Result "0-1"]
[WhiteTitle "WCM"]
[WhiteElo "1945"]
[BlackElo "1834"]
[WhiteTeam "Malaysia"]
[BlackTeam "Ireland"]
[WhiteFideId "5706955"]
[BlackFideId "14546604"]
[EventDate "2020.07.07"]
[EventType "team"]

1. d4 Nf6 2. c4 g6 3. Nc3 d5 4. Nf3 Bg7 5. Qb3 dxc4 6. Qxc4 O-O 7. Bf4 Na6 8. a3
c5 9. d5 b6 10. e4 Nc7 11. Qa4 Bb7 12. Qc2 a6 13. a4 Nh5 14. Bg5 h6 15. Bh4 g5
16. Bg3 Nxg3 17. hxg3 e6 18. dxe6 Nxe6 19. Bc4 Qe7 20. Nd5 Bxd5 21. Bxd5 Rad8
22. O-O g4 23. Nh4 Nd4 24. Qd1 Qg5 25. Re1 Rfe8 26. Qd3 Re7 27. Rac1 Bf6 28.
Qxa6 Qd2 29. Qc4 Kg7 30. b3 Rd6 31. Rcd1 Qb2 32. Rb1 Qa2 33. Rf1 Bxh4 34. gxh4
Rf6 35. Rbd1 Ne2+ 36. Kh2 Nf4 37. Ba8 Rg6 38. g3 Nh3 39. Qc3+ Rf6 40. Rd2 Qa3
41. Ra1 Qb4 42. Qxb4 cxb4 43. Kg2 Rf3 44. Bd5 Rd7 45. Rc2 Rd6 46. Raa2 Kf8 47.
Rc4 Ke7 48. Re2 Kd7 49. Rec2 Rdf6 50. Rc7+ Ke8 51. Rc8+ Kd7 52. R2c7+ Kd6 53.
Rc6+ Ke5 54. Rxf6 Rxf6 55. Rc2 Kd4 56. Bb7 Kd3 57. Ra2 Kc3 58. Bd5 Kd3 59. Bb7
Kd4 60. h5 Ng5 61. Bc8 Nxe4 62. Bxg4 Kc3 63. Bd1 Nc5 64. Rc2+ Kd4 65. Rc4+ Kd3
66. Rxb4 Ne4 67. f3 Nc3 68. Rb5 Nxb5 69. axb5 Kd2 0-1

[Event "Online Olym Div3 A 2020"]
[Site "chess.com INT"]
[Date "2020.07.08"]
[Round "6.4"]
[Board "5"]
[White "Kanyamarala, Tarun"]
[Black "Navaratnam, Rohan Shan Tze"]
[Result "1/2-1/2"]
[WhiteTitle "FM"]
[BlackTitle "FM"]
[WhiteElo "2381"]
[BlackElo "2071"]
[WhiteTeam "Ireland"]
[BlackTeam "Malaysia"]
[WhiteFideId "45004714"]
[BlackFideId "5727413"]
[EventDate "2020.07.07"]
[EventType "team"]

1. Nf3 d5 2. c4 e6 3. e3 Nf6 4. b3 c5 5. Bb2 Nc6 6. g3 Bd6 7. Bg2 O-O 8. O-O Qe7
9. Nc3 dxc4 10. bxc4 Rd8 11. a3 b6 12. Qc2 Bb7 13. Nb5 h6 14. Nxd6 Rxd6 15. d4
cxd4 16. exd4 Rc8 17. Bc3 Nxd4 18. Nxd4 Bxg2 19. Kxg2 Rxc4 20. Qb2 Qb7+ 21. Kg1
Ne4 22. Nb5 Rd3 23. Rad1 Ng5 24. f3 Rxf3 25. Rd8+ Kh7 26. Qg2 Qe7 27. Rxf3 Nxf3+
28. Qxf3 Qxd8 29. a4 a6 30. Na3 Rc7 31. Qe4+ Kg8 32. Qe5 f6 33. Qxe6+ Kh8 34.
Qe3 Qd1+ 35. Kf2 Qb3 36. Bd4 Qxe3+ 37. Kxe3 Rc6 38. Kd3 Kg8 39. Ke4 Kf7 40. Kd5
Re6 41. Nc4 b5 42. axb5 axb5 43. Nd6+ Ke7 44. Nxb5 Re2 45. h4 Rg2 46. Bc5+ Kf7
47. Bd6 g5 48. hxg5 fxg5 49. Nd4 h5 50. Nf3 Kg6 51. Ke6 Re2+ 52. Ne5+ Kh7 53.
Be7 h4 54. gxh4 gxh4 55. Bxh4 Rxe5+ 56. Kxe5 1/2-1/2

[Event "Online Olym Div3 A 2020"]
[Site "chess.com INT"]
[Date "2020.07.08"]
[Round "6.4"]
[Board "6"]
[White "Chua, Jia-Tien"]
[Black "Mirza, Diana"]
[Result "1/2-1/2"]
[WhiteTitle "WCM"]
[BlackTitle "WFM"]
[WhiteElo "1822"]
[BlackElo "1939"]
[WhiteTeam "Malaysia"]
[BlackTeam "Ireland"]
[WhiteFideId "5710006"]
[BlackFideId "2503999"]
[EventDate "2020.07.07"]
[EventType "team"]

1. e4 e5 2. Nf3 d6 3. d4 exd4 4. Nxd4 Nf6 5. Nc3 g6 6. Bg5 Bg7 7. Be2 h6 8. Bh4
O-O 9. O-O Re8 10. f3 Nc6 11. Nxc6 bxc6 12. Qd3 a5 13. Rad1 Ba6 14. Qd2 Nxe4 15.
Nxe4 Qxh4 16. Bxa6 Rxa6 17. Rfe1 Raa8 18. c3 Re6 19. Re2 Rae8 20. Rde1 Qe7 21.
Kf1 d5 22. Nf2 Qd6 23. Rxe6 Rxe6 24. g3 Kh7 25. Rxe6 Qxe6 26. Qf4 Be5 27. Qa4 c5
28. Qxa5 Qb6 29. Qxb6 cxb6 30. Ke2 c4 31. Ke3 f5 32. Nh3 g5 33. f4 Bf6 34. Ng1
g4 35. Ne2 Kg6 36. Nd4 Be7 37. b4 cxb3 38. axb3 Kf6 39. b4 Bd6 40. Nb5 Bb8 41.
Kd4 Ke6 42. Na3 Ba7 43. Nb5 Bb8 44. Kd3 Kf6 45. Nd4 Bd6 46. Nc6 Ke6 47. Nd4+ Kf6
48. Nc6 Ke6 49. Kd4 Bc7 50. Na7 Bd6 51. Nb5 Bb8 1/2-1/2

[Event "Online Olym Div3 A 2020"]
[Site "chess.com INT"]
[Date "2020.07.08"]
[Round "6.5"]
[Board "1"]
[White "Eiti, Bashir"]
[Black "Deng, Yu Dong Michael"]
[Result "1-0"]
[WhiteTitle "IM"]
[BlackTitle "CM"]
[WhiteElo "2341"]
[BlackElo "2138"]
[WhiteTeam "Syria"]
[BlackTeam "Hong Kong"]
[WhiteFideId "7601875"]
[BlackFideId "6002420"]
[EventDate "2020.07.07"]
[EventType "team"]

1. d4 d5 2. Nf3 Nf6 3. Bf4 c5 4. e3 Nc6 5. c3 Qb6 6. Qb3 c4 7. Qc2 Bf5 8. Qc1 e6
9. Nbd2 Be7 10. Be2 h6 11. O-O O-O 12. Re1 Qd8 13. Ne5 Rc8 14. Bd1 b5 15. Bc2
Bxc2 16. Qxc2 Nh5 17. Nxc6 Rxc6 18. Be5 Bd6 19. Re2 Nf6 20. Bxd6 Qxd6 21. e4
dxe4 22. Nxe4 Nxe4 23. Rxe4 Rb8 24. a3 a5 25. Re5 Rcb6 26. Qe2 b4 27. axb4 axb4
28. Qxc4 bxc3 29. bxc3 Rb1+ 30. Re1 R1b2 31. Ra2 Qf4 32. Rxb2 Rxb2 33. Rf1 Qd2
34. Qc8+ Kh7 35. Qc7 Kg8 36. Qc6 Rc2 37. Qe8+ Kh7 38. Qxf7 Rxc3 39. Qxe6 Qxd4
40. Qf5+ Kh8 41. Re1 Qd8 42. Qg6 Rc8 43. g3 Qf6 44. Qxf6 gxf6 45. Re7 Kg8 46.
Kg2 Rc3 47. h4 Rc4 48. h5 Rc5 49. g4 Rc4 50. Kg3 Rb4 51. f3 Rc4 52. Re4 Rxe4 53.
fxe4 Kf7 54. Kf3 Ke7 55. Ke3 Kd6 56. Ke2 Ke6 57. Kf3 Ke7 58. Ke2 Ke6 59. Kd3 Ke5
60. Ke3 Ke6 61. Kf4 Ke7 62. e5 fxe5+ 63. Kxe5 Kf7 64. Kf5 Kg7 65. Ke6 1-0

[Event "Online Olym Div3 A 2020"]
[Site "chess.com INT"]
[Date "2020.07.08"]
[Round "6.5"]
[Board "2"]
[White "Lau, Lut Yin Luke"]
[Black "Hilwani, Talal"]
[Result "0-1"]
[WhiteElo "1991"]
[BlackElo "2274"]
[WhiteTeam "Hong Kong"]
[BlackTeam "Syria"]
[WhiteFideId "6002226"]
[BlackFideId "7600410"]
[EventDate "2020.07.07"]
[EventType "team"]

1. e4 c5 2. d4 cxd4 3. c3 dxc3 4. Nxc3 Nc6 5. Nf3 d6 6. Bc4 a6 7. O-O Nf6 8. Bf4
Bg4 9. Qb3 e6 10. Rfd1 Bxf3 11. gxf3 Na5 12. Qa4+ Nd7 13. Bxd6 Bxd6 14. Rxd6
Nxc4 15. Qxc4 Qg5+ 16. Kh1 Ne5 17. Qa4+ b5 18. Nxb5 O-O 19. Nd4 Qd2 20. Qc2 Qf4
21. Qe2 Nxf3 22. Nxf3 Qxd6 23. Rg1 Qf4 24. Rg3 Rac8 25. Kg2 h5 26. h4 g6 27. e5
Rc4 28. b3 Rc5 29. Qxa6 Rc2 30. Qd3 Rxa2 31. b4 Qf5 32. Qb3 Rfa8 33. b5 R8a3 34.
Qc4 Qc2 35. Qd4 Rd3 36. Qb6 Kg7 37. Ng5 Rxg3+ 38. Kxg3 Ra3+ 39. f3 Qf5 40. Qd6
Re3 41. b6 Qxe5+ 42. Qxe5+ Rxe5 43. Ne4 Rb5 44. Kf4 Rxb6 45. Kg5 Rb4 0-1

[Event "Online Olym Div3 A 2020"]
[Site "chess.com INT"]
[Date "2020.07.08"]
[Round "6.5"]
[Board "3"]
[White "Mahmoud, Roula"]
[Black "Lin, Ze Jun"]
[Result "0-1"]
[WhiteTitle "WFM"]
[WhiteElo "1771"]
[BlackElo "1512"]
[WhiteTeam "Syria"]
[BlackTeam "Hong Kong"]
[WhiteFideId "7601263"]
[BlackFideId "6005861"]
[EventDate "2020.07.07"]
[EventType "team"]

1. e4 c5 2. Nf3 Nc6 3. d3 e6 4. g3 d5 5. Nbd2 Nf6 6. Bg2 Be7 7. O-O O-O 8. c3
Qc7 9. Re1 dxe4 10. dxe4 e5 11. Qc2 h6 12. b3 Be6 13. Bb2 Rfd8 14. Rad1 Rac8 15.
Nf1 c4 16. Ne3 cxb3 17. axb3 Bc5 18. Nh4 Bxe3 19. Rxe3 Nd4 20. Qb1 Nxb3 21. Red3
Rxd3 22. Rxd3 Bc4 23. Rd1 Rd8 24. Nf5 Nd2 25. Qc1 Ndxe4 26. Rxd8+ Qxd8 27. Qe1
Qd3 28. Ne3 b5 29. Bf1 Qd2 30. Qxd2 Nxd2 31. Nxc4 Nxc4 32. Bc1 a5 33. Bxc4 bxc4
34. Kf1 Nd5 35. Bb2 a4 36. Ke2 Nc7 37. Kd2 Nb5 38. Kc2 f5 39. Bc1 g5 40. f4 gxf4
41. gxf4 e4 42. Bd2 a3 43. Be1 e3 44. Kb1 e2 45. Kc2 Kf7 46. Kb1 Ke6 47. Kc2 Kd5
48. Kb1 Ke4 49. Bg3 Nxc3+ 50. Kc2 a2 51. Kb2 Kd3 52. Be1 Nd1+ 53. Kxa2 c3 54.
Kb3 c2 55. Bh4 c1=Q 56. Bf6 Qc4+ 57. Ka3 e1=Q 58. h4 Qa5# 0-1

[Event "Online Olym Div3 A 2020"]
[Site "chess.com INT"]
[Date "2020.07.08"]
[Round "6.5"]
[Board "4"]
[White "Ng, Sau Wai"]
[Black "Yazji, Mada"]
[Result "0-1"]
[WhiteElo "1146"]
[BlackElo "1704"]
[WhiteTeam "Hong Kong"]
[BlackTeam "Syria"]
[WhiteFideId "1450468"]
[BlackFideId "7602065"]
[EventDate "2020.07.07"]
[EventType "team"]

1. Nf3 d5 2. c4 e6 3. cxd5 exd5 4. g3 Nf6 5. Bg2 Bd6 6. O-O O-O 7. Nc3 c6 8. d3
Nbd7 9. a3 a5 10. Bd2 Re8 11. Re1 Ng4 12. Nh4 Ndf6 13. e4 Qb6 14. Qe2 Bc5 15.
Rf1 Bd4 16. Rab1 dxe4 17. Bxe4 Nxe4 18. Nxe4 f5 19. Qf3 fxe4 20. dxe4 Rf8 21.
Bf4 Be6 22. Nf5 Bxf5 23. exf5 Ne5 24. Bxe5 Bxe5 25. b3 Rad8 26. Kg2 Qb5 27. Rfe1
Qd5 28. Rbd1 Qxf3+ 29. Kxf3 Rxd1 30. Rxd1 Rxf5+ 31. Kg2 h5 32. Rd7 b5 33. Rb7
Bd4 34. b4 Rxf2+ 35. Kh3 axb4 36. axb4 Rb2 37. Rc7 Bg1 0-1

[Event "Online Olym Div3 A 2020"]
[Site "chess.com INT"]
[Date "2020.07.08"]
[Round "6.5"]
[Board "5"]
[White "Koniahli, Malek."]
[Black "Kwong, Wing Ki"]
[Result "0-1"]
[WhiteTitle "FM"]
[WhiteElo "2261"]
[BlackElo "1876"]
[WhiteTeam "Syria"]
[BlackTeam "Hong Kong"]
[WhiteFideId "7603495"]
[BlackFideId "6002013"]
[EventDate "2020.07.07"]
[EventType "team"]

1. e4 c5 2. Nf3 d6 3. d4 cxd4 4. Nxd4 Nf6 5. Nc3 Nc6 6. Bg5 e6 7. Qd2 Be7 8.
O-O-O O-O 9. f3 Qa5 10. Nb3 Qb6 11. g4 Rd8 12. Be3 Qc7 13. g5 Nd7 14. f4 a6 15.
h4 b5 16. h5 b4 17. Ne2 Nc5 18. Ng3 Nxb3+ 19. cxb3 d5 20. exd5 Rxd5 21. Qc2
Rxd1+ 22. Kxd1 Bb7 23. Bg2 Rc8 24. Be4 Qd8+ 25. Qd2 Qa5 26. Ke1 Qxa2 27. g6 Qxb3
28. gxf7+ Kxf7 29. f5 Rd8 30. fxe6+ Kg8 31. Qe2 Qxe6 32. Kf2 Rf8+ 33. Kg2 Bd6
34. Bf2 Bxg3 35. Bxh7+ Kxh7 36. Qxe6 Nd4+ 37. Kxg3 Nxe6 0-1

[Event "Online Olym Div3 A 2020"]
[Site "chess.com INT"]
[Date "2020.07.09"]
[Round "7.1"]
[Board "1"]
[White "Deng, Yu Dong Michael"]
[Black "Villegas, Pierre"]
[Result "0-1"]
[WhiteTitle "CM"]
[BlackTitle "IM"]
[WhiteElo "2138"]
[BlackElo "2364"]
[WhiteTeam "Hong Kong"]
[BlackTeam "Monaco"]
[WhiteFideId "6002420"]
[BlackFideId "654183"]
[EventDate "2020.07.07"]
[EventType "team"]

1. d4 g6 2. c4 Bg7 3. Nc3 c5 4. Nf3 cxd4 5. Nxd4 Nc6 6. e3 Nf6 7. Be2 O-O 8. O-O
Nxd4 9. exd4 d5 10. c5 b6 11. cxb6 axb6 12. b3 Ne4 13. Nxe4 dxe4 14. Bb2 Bb7 15.
Bc4 e6 16. a4 Qg5 17. Qe2 Rfd8 18. Rad1 Rac8 19. Bc1 Qe7 20. Be3 f5 21. Qd2 Bf6
22. a5 bxa5 23. Qxa5 Bd5 24. Rc1 Bxc4 25. Rxc4 Rxc4 26. bxc4 Bxd4 27. Bxd4 Rxd4
28. Rc1 Qd8 29. Qxd8+ Rxd8 30. Kf1 Kf7 31. Ke2 Kf6 32. Rc3 Ke5 33. Ke3 f4+ 34.
Ke2 Kd4 35. Rc1 Rc8 36. Rd1+ Ke5 37. Rc1 Rc5 38. g3 g5 39. h4 h6 40. hxg5 hxg5
41. gxf4+ gxf4 42. f3 exf3+ 43. Kxf3 Kf5 44. Rh1 Rxc4 45. Rh5+ Kg6 46. Rh4 Kg5
47. Rg4+ Kf5 48. Rg8 Rc3+ 49. Kf2 e5 50. Rf8+ Ke4 51. Ra8 Rc2+ 52. Kf1 f3 53.
Ra4+ Ke3 54. Ra3+ Kf4 55. Ra4+ e4 56. Rb4 Kg3 57. Rb1 Rh2 58. Kg1 f2+ 0-1

[Event "Online Olym Div3 A 2020"]
[Site "chess.com INT"]
[Date "2020.07.09"]
[Round "7.1"]
[Board "2"]
[White "Efimov, Igor"]
[Black "Lau, Lut Yin Luke"]
[Result "1-0"]
[WhiteTitle "GM"]
[WhiteElo "2409"]
[BlackElo "1991"]
[WhiteTeam "Monaco"]
[BlackTeam "Hong Kong"]
[WhiteFideId "806404"]
[BlackFideId "6002226"]
[EventDate "2020.07.07"]
[EventType "team"]

1. d4 d5 2. Bg5 c6 3. e3 Qb6 4. Qc1 Bf5 5. Nf3 Nd7 6. Be2 e6 7. O-O Ngf6 8. c4
Be7 9. Nc3 a5 10. h3 h6 11. Bh4 O-O 12. Ne5 Qd8 13. f4 Ne4 14. Be1 Nxe5 15. fxe5
Bh4 16. Kh2 Bxe1 17. Qxe1 Qg5 18. Rf4 Nxc3 19. bxc3 f6 20. exf6 Rxf6 21. Qg3
Qxg3+ 22. Kxg3 Be4 23. Bf3 Rxf4 24. Kxf4 Rf8+ 25. Kg3 Bd3 26. Bg4 Bxc4 27. Bxe6+
Kh7 28. e4 Re8 29. exd5 cxd5 30. Re1 g6 31. a3 Kg7 32. Re5 b5 33. Kf4 Rf8+ 34.
Ke3 Re8 35. Bd7 Rd8 36. Bg4 Rb8 37. Bf3 Rd8 38. Re6 Kf7 39. Ra6 a4 40. Rc6 Kg7
41. Bd1 Re8+ 42. Kd2 Rf8 43. Bf3 Rd8 44. h4 Kh7 45. Bg4 Kg7 46. g3 Kf7 47. Bd1 1-0

[Event "Online Olym Div3 A 2020"]
[Site "chess.com INT"]
[Date "2020.07.09"]
[Round "7.1"]
[Board "3"]
[White "Lin, Ze Jun"]
[Black "Dornbusch, Tatiana"]
[Result "0-1"]
[BlackTitle "WGM"]
[WhiteElo "1512"]
[BlackElo "2268"]
[WhiteTeam "Hong Kong"]
[BlackTeam "Monaco"]
[WhiteFideId "6005861"]
[BlackFideId "14107449"]
[EventDate "2020.07.07"]
[EventType "team"]

1. e4 Nf6 2. e5 Nd5 3. d4 d6 4. Nf3 Nc6 5. Be2 dxe5 6. Nxe5 Nxe5 7. dxe5 Bf5 8.
c4 Nb6 9. O-O e6 10. Nc3 Qxd1 11. Rxd1 a6 12. Be3 Nd7 13. f4 h5 14. Bf3 O-O-O
15. Kf2 Bc5 16. Rac1 Bxe3+ 17. Kxe3 Nc5 18. b3 Nd3 19. Ra1 Nb2 20. Rxd8+ Rxd8
21. Be2 g6 22. h3 Bd3 23. Bf3 Bxc4 24. bxc4 Rd3+ 25. Ke2 Rxc3 26. Rb1 Rc2+ 27.
Ke1 Nd3+ 28. Kd1 Rb2 29. Rxb2 Nxb2+ 30. Kc2 Nxc4 31. Kc3 Ne3 32. Kd3 Nd5 33. g3
c5 34. Kc4 b6 35. a4 Ne3+ 36. Kd3 Nf5 37. g4 hxg4 38. hxg4 Nd4 39. Kc4 Nxf3 0-1

[Event "Online Olym Div3 A 2020"]
[Site "chess.com INT"]
[Date "2020.07.09"]
[Round "7.1"]
[Board "5"]
[White "Kwong, Wing Ki"]
[Black "Kien, Clovis"]
[Result "1-0"]
[WhiteElo "1876"]
[BlackElo "1706"]
[WhiteTeam "Hong Kong"]
[BlackTeam "Monaco"]
[WhiteFideId "6002013"]
[BlackFideId "36018180"]
[EventDate "2020.07.07"]
[EventType "team"]

1. d4 Nf6 2. c4 g6 3. Nc3 Bg7 4. e4 d6 5. Be2 O-O 6. Bg5 c5 7. d5 e6 8. Nf3 exd5
9. exd5 Qa5 10. O-O Ng4 11. h3 Ne5 12. Nxe5 Bxe5 13. Qd2 Nd7 14. Bf4 Qb4 15.
Bxe5 Nxe5 16. b3 Re8 17. f4 Nd7 18. Bd3 Nf6 19. f5 Kg7 20. fxg6 hxg6 21. Rac1
Re5 22. Qf2 Bf5 23. g4 Bxd3 24. Qxf6+ Kg8 25. Qxf7+ Kh8 26. Qf6+ Kg8 27. Qxd6
Bxf1 28. Qxe5 Bd3 29. Qe3 Qa3 30. Re1 Bc2 31. Qd2 Qb2 32. Rc1 Rf8 33. Qxc2 Qa3
34. Qxg6+ Kh8 35. Qh6+ Kg8 36. Ne4 b6 37. Re1 Qa4 38. bxa4 1-0

[Event "Online Olym Div3 A 2020"]
[Site "chess.com INT"]
[Date "2020.07.09"]
[Round "7.1"]
[Board "6"]
[White "Rubsamen, Anais"]
[Black "Feng, Eunice"]
[Result "0-1"]
[WhiteElo "1692"]
[BlackElo "1528"]
[WhiteTeam "Monaco"]
[BlackTeam "Hong Kong"]
[WhiteFideId "26091305"]
[BlackFideId "331059520"]
[EventDate "2020.07.07"]
[EventType "team"]

1. Nf3 d5 2. g3 Nf6 3. Bg2 g6 4. O-O Bg7 5. d4 O-O 6. Bg5 Ne4 7. Bf4 c5 8. c3
cxd4 9. cxd4 Nc6 10. Ne5 Qb6 11. Nxc6 bxc6 12. Nc3 Bf5 13. Na4 Qxd4 14. Rc1 Rac8
15. Be3 Qxd1 16. Rfxd1 e5 17. Bxe4 Bxe4 18. f3 Bf5 19. Nc5 d4 20. Bf2 Rfd8 21.
e4 Be6 22. b3 Bf8 23. Nxe6 fxe6 24. Rd3 c5 25. Be1 Rd7 26. Bb4 Rb7 27. Bd2 Kf7
28. Kg2 c4 29. Rxc4 Rxc4 30. bxc4 Rc7 31. Rb3 Rxc4 32. Rb7+ Kg8 33. Rb2 d3 34.
Kf2 Rc2 35. Rb8 Rxd2+ 36. Ke3 Rxa2 37. Rd8 d2 38. Ke2 a5 39. Kd1 a4 40. Rxd2
Rxd2+ 41. Kxd2 a3 42. Kc2 Kf7 43. Kb3 Bc5 44. f4 exf4 45. gxf4 Kf6 46. h3 e5 0-1